000 00661nam a22001817a 4500
003 0
005 20260205123704.0
008 260205b xxu||||| |||| 00| 0 eng d
020 _a978-0-06-238195-8
050 _aTR 530.4
_bWha551 2015
082 _aTR 530.4
_bWha551 2015
100 _aZoehfeld, Kathleen Weidner
245 _aWhat is the world made of? :
_ball about solids, liquids, and gases /
_cKathleen Weidner Zoehfeld; illustrated by Paul Meisel.
260 _aNew York, NY :
_bHarperCollins Children's Books,
_c2015.
300 _a32 pages :
_bcolored illustrations ;
_c21 cm.
650 _aMatter
_vConstitution
_xJuvenile literature.
942 _2ddc
_cBK
999 _c368810
_d368810